Name A Country Within These Borders Part 2 - Statistics

General Stats
  • This quiz has been taken 19 times
  • The average score is 13 of 17
Answer Stats
Picture Answer % Correct
Estonia | Finland | Latvia | Sweden
100%
Belize | Dominican Republic | Haiti | United States of America (Puerto Rico)
94%
Bahrain | Qatar | United Arab Emirates
89%
Brunei | Malaysia | Singapore
89%
Cyprus | Israel | Jordan | Palestine | Syria | United Kingdom (Akrotiri and Dhekeila)
89%
Djibouti | Ethiopia | South Sudan | Sudan
89%
Malta | Tunisia
89%
Angola | Benin | Burundi | Democratic Republic of the Congo | Rwanda | Tanzania | Uganda | Zambia
83%
Bangladesh | Bhutan | Nepal
83%
Iran | Iraq | Kuwait
83%
Paraguay | Uruguay
78%
Trinidad and Tobago
78%
Afghanistan | Kyrgyzstan | Tajikistan
72%
Belgium | Ireland | Liechtenstein | Luxembourg | Switzerland
72%
Albania | Bulgaria | Kosovo | Montenegro | North Macedonia | Serbia
56%
Ecuador | El Salvador | France (French Guiana) | Honduras
56%
Belarus | Lithuania | Poland | Russia (Kaliningrad)
39%
No matching quizzes found
Score Distribution
Percent of People with Each Score
Percentile by Number Answered
Your Score History
You have not taken this quiz